1263 1828 1429 1751 1892 1261 1165 1043 1269 1931 1439 1186 1913 1023 1140 1700 1926 1455 1308 1628 1264 1289 1896 1951 1308 1449 1460 1575 1443 1173 1262 1988 1401 1543 1649 1909 1060 1342 1531 1121 1174 1586 1205 1006 1760 1232 1053 1210 1663 1164 1924 1224 1271 1941 1860 1641 1633 1669 1389 1487 1855 1171 1940 1362 1134 1915 1599 1042 1706 1673 1045 1601 1541 1517 1946 1079 1724 1709 1632 1265 1598 1824 1319 1067 1850 1591 1053 1574 1461 1525 1095 1206 1854 1482 1986 1251 1928 1780 1942 BCNSPRNW ULIB Ver.6.0+V

เปลี่ยนเป็นภาษาไทย

Change to English
 แสดงรายละเอียดบรรณานุกรม
  กลับหน้าหลัก

Brief Record : Get Marc (ISO 2709) : E-mail record : QR code < ปิดหน้าต่าง
LEADER : 00000nam 2200000uu 4500
001    13399127196
003     ULIB
008    191021s2562||||th 000 0 tha d
020 ^- ^a9786164577534
050 ^- ^aนว.^bจ756ร
100 0^ aเจ้าหญิงละเมอ.
245 10 ^aรักนะครับคุณชายซกมก /^cเจ้าหญิงละเมอ.
250 ^- ^aพิมพ์ครั้งที่ 1.
260 ^- ^aกรุงเทพฯ :^bมีดี,^c2562
300 ^- ^a375 หน้า.
945    ^p300^l0^i27888
999    ^aกัณชพร จุลอักษร
รายการนี้ยังไม่มีแท็ก
คุณยังไม่ได้ล็อกอิน คุณสามารถมีกิจกรรมร่วมกับเว็บไซต์ได้ แต่ต้องล็อกอินก่อน ::
  ล็อกอิน

รายการสื่อสารสนเทศ

ลำดับที่ ประเภท เลขเรียก/บาร์โค้ด สถานที่ สถานะ
1. วิทยาศาสตร์การแพทย์ และสุขภาพ
วิทยาศาสตร์การแพทย์ และสุขภาพ
นว. จ756ร ฉ.1 
  Barcode: 27888
ห้องสมุดวิทยาเขตนครสวรรค์
►นวนิยาย:l:Fiction
บนชั้น

BibComment


ยังไม่เคยถูกคอมเมนท์

คอมเมนท์ทรัพยากรรายการนี้
  คอมเมนท์: รักนะครับคุณชายซ..


 Copyright 2026. Bcnsprnw @Library